| 000 | 00778nam a22002537a 4500 | ||
|---|---|---|---|
| 001 | BR9602606 | ||
| 003 | BR-BrBNA | ||
| 005 | 20230928095007.0 | ||
| 007 | ta | ||
| 008 | 230509b bl.||||| |||| 00| 0 por d | ||
| 040 |
_aBR-BrBNA _bpor _cBiblioteca Nacional de Agricultura |
||
| 041 | _a(Por) | ||
| 072 |
_aH20 _b1122 _b4120 |
||
| 090 | _ 1122 BR9602606 | ||
| 100 | 1 | _aMarback, G.L. | |
| 110 | 1 |
_aDelegacia Federal de Agricultura na Bahia, Salvador (Brasil). Servico de Defesa Sanitaria Vegetal _93092 |
|
| 245 | 1 | _aA cultura do mamoeiro (Carica papaya L.)no sul da Bahia e os efeitos danosos do "Mosaico" | |
| 260 | 3 |
_aSalvador, BA (Brasil): _c1987. |
|
| 300 | _a15 p. | ||
| 650 | _aMamao | ||
| 650 | _aMosaico | ||
| 909 |
_a202309 _bLucia _c55 _dLucia Elande |
||
| 942 | _cBK | ||
| 999 |
_c53876 _d53876 |
||